Quizzes
Events
Quiz Creation
Community
Videos
Private Events
Remove Ads
Sign In
Join for FREE
Feedback
Dark Mode
Quiz Categories
Sports
Geography
Music
Movies
Television
Just For Fun
Miscellaneous
History
Literature
Language
Science
Gaming
Entertainment
Religion
Holiday
For Kids
Quiz Lab
Recent
Popular Today
Quiz Kudos Today
Editor Picks
Curator Picks
Quizzes by...
Day
Popularity
Type
Ratings
Length
Year
Community
Subscriptions
Recent Discussions
Orange Saloon
Badges
Playlists
Quests
Create
Leaderboards
Showdown
Live 5
Trivia Bingo
Activity
Puzzle Library
Sporcle Events
Private Events
Virtual Trivia
Globe League
Become a Host
Pub Owners
SporcleCon
Opinionation
Our Games
Videos
Blog
Mobile Apps
Partnerships
Remove Ads and Go Orange
Feedback
Music
Pop Music
The Beatles
Song
Album
Lyrics
Bands
Singers
Artist
Clip
Rock
Rap
Classical
Billboard
Country Music
Kpop
Taylor Swift
Music
Pop Music
The Beatles
Song
Album
Lyrics
Bands
Singers
Artist
Clip
Rock
Rap
Classical
Billboard
Country Music
Kpop
Taylor Swift
Random Quiz
Search Sporcle
×
Quiz Lab
Quiz Lab
Music
Clickable
Select answers by clicking on text or image buttons
Select answers by clicking on text or image buttons
Clickable
Best Score? Go Orange.
Cannibal Corpse Songs (Clickable) Stats
Can you pick the correct album that matches up with each song by Cannibal Corpse?
By
SporcleEXP
20m
137 Questions
201 Plays
201 Plays
201 Plays
Comments
Comments
Give Quiz Kudos
Give Quiz Kudos
-
- Ratings
hide this ad
More Info
Forced Order
Answers have to be entered in order
Answers have to be entered in order
Random Order
Randomize order of answers
Randomize order of answers
Replay
Link that replays current quiz
Next Quiz
Link to next quiz in quiz playlist
You Got
0%
They Got
Avg Score
52%
Avg Friend Score
Upgrade to see
Score Distribution
Jump to the score distribution portion of the page
Score
0/137
Timer
20:00
0
Plays Today
% Correct
Tomb Of The Mutilated
68.2%
Tomb Of The Mutilated
67.7%
Tomb Of The Mutilated
67.2%
Tomb Of The Mutilated
66.7%
Tomb Of The Mutilated
66.2%
Tomb Of The Mutilated
63.7%
Tomb Of The Mutilated
63.2%
Tomb Of The Mutilated
63.2%
Eaten Back To Life
62.7%
Eaten Back To Life
62.7%
Eaten Back To Life
61.7%
Eaten Back To Life
61.7%
The Bleeding
61.7%
The Bleeding
61.2%
The Bleeding
61.2%
The Bleeding
61.2%
Eaten Back To Life
60.7%
The Bleeding
60.7%
Tomb Of The Mutilated
60.2%
The Bleeding
60.2%
Eaten Back To Life
59.7%
Eaten Back To Life
59.7%
Butchered At Birth
59.7%
The Bleeding
59.7%
The Bleeding
59.7%
Eaten Back To Life
59.2%
Butchered At Birth
58.7%
The Bleeding
58.7%
Eaten Back To Life
58.2%
Butchered At Birth
58.2%
Vile
58.2%
Eaten Back To Life
57.7%
Butchered At Birth
57.7%
Eaten Back To Life
57.2%
The Bleeding
55.7%
Vile
55.7%
Kill
55.7%
Butchered At Birth
54.7%
The Wretched Spawn
54.7%
Butchered At Birth
54.2%
Butchered At Birth
54.2%
The Bleeding
54.2%
Vile
54.2%
The Wretched Spawn
54.2%
Butchered At Birth
53.7%
Bloodthirst
53.7%
% Correct
Kill
53.7%
Kill
53.7%
Kill
53.7%
Torture
53.7%
Torture
53.7%
Butchered At Birth
53.2%
Bloodthirst
53.2%
Gore Obsessed
53.2%
Kill
53.2%
Kill
53.2%
Kill
52.7%
Kill
52.7%
Kill
52.7%
Bloodthirst
52.2%
Gore Obsessed
52.2%
The Wretched Spawn
52.2%
Kill
52.2%
Vile
51.2%
Vile
51.2%
The Wretched Spawn
51.2%
Kill
51.2%
Torture
51.2%
Torture
51.2%
Vile
50.7%
Vile
50.7%
Gore Obsessed
50.7%
Gore Obsessed
50.7%
The Wretched Spawn
50.7%
Vile
50.2%
The Wretched Spawn
50.2%
Vile
49.8%
Gore Obsessed
49.8%
Kill
49.8%
Evisceration Plague
49.8%
Evisceration Plague
49.8%
Torture
49.8%
Gallery Of Suicide
49.3%
Bloodthirst
49.3%
Gore Obsessed
49.3%
The Wretched Spawn
49.3%
Torture
49.3%
Vile
48.8%
Vile
48.8%
Bloodthirst
48.8%
Bloodthirst
48.8%
Bloodthirst
48.8%
% Correct
Bloodthirst
48.8%
Bloodthirst
48.8%
Gore Obsessed
48.8%
The Wretched Spawn
48.8%
The Wretched Spawn
48.8%
Evisceration Plague
48.8%
Evisceration Plague
48.8%
Torture
48.8%
Gore Obsessed
48.3%
Gore Obsessed
48.3%
Gore Obsessed
48.3%
The Wretched Spawn
48.3%
The Wretched Spawn
48.3%
Evisceration Plague
48.3%
Evisceration Plague
48.3%
Torture
48.3%
Gallery Of Suicide
47.8%
Evisceration Plague
47.8%
Evisceration Plague
47.8%
Torture
47.8%
Torture
47.8%
Gallery Of Suicide
47.3%
Gallery Of Suicide
47.3%
Gallery Of Suicide
47.3%
Gallery Of Suicide
47.3%
The Wretched Spawn
47.3%
Kill
47.3%
Torture
47.3%
Gallery Of Suicide
46.8%
Gallery Of Suicide
46.8%
Evisceration Plague
46.8%
Evisceration Plague
46.8%
Gallery Of Suicide
46.3%
Gallery Of Suicide
46.3%
Torture
46.3%
Gallery Of Suicide
45.8%
Gallery Of Suicide
45.8%
The Wretched Spawn
45.8%
Evisceration Plague
45.8%
Gallery Of Suicide
45.3%
Gore Obsessed
44.3%
Evisceration Plague
44.3%
Gallery Of Suicide
43.8%
Bloodthirst
43.8%
Bloodthirst
43.8%
Quiz Playlist
Details
Report
Send in Message
Add To Playlist
More Info:
PLEASE READ THE FIRST COMMENT BEFORE PLAYING IF YOU ARE NOT FAMILIAR WITH THE BAND
Clickable:
Select answers by clicking on text or image buttons
Forced Order:
Answers have to be entered in order
Random Order:
Randomize order of answers
Last Updated: Feb 16, 2017
Quiz Scoreboard
CHALLENGE
Sign Up to Join the Scoreboard
Show All
Scores
Hide
Comments
May contain spoilers
Recently Published
Presidents Visiting Landmarks
by Hejman
History
7m
An Introduction to Baseball
by treessimontrees
Sports
5m
Movies - When Are They Set?
by FPL_Elf
Movies
5m
More to Explore
Quiz From the Vault
Featured Blog Post
Where Did the Easter Bunny Come From?
hide this ad
You Might Also Like...
Tags
Clickable Quiz
Cannibal Corpse
Heavy Metal
Today's Top Quizzes in Music
Browse Music
hide this ad
Today's Top Quizzes in Clickable
Browse Clickable
Top Contributed Quizzes in Music
1
Taylor Swift All Songs (2024)
2
Guess the Artist- 70s Songs
3
7-to-1: Billboard Hot 100 #1 Hits of 2010s
4
Sorting Albums and Songs
5
Taylor Swift Logic Puzzle
6
One Thing in Common: Music
7
2010s Album by Cover III
8
KPOP LOGIC QUIZ
9
Guess the Taylor Swift song (Mystery Song)
10
Guess the Artist- 80s Songs
Explore More
Trending Topics
NBA
Kpop
Marvel
Anime
Disney
Harry Potter
Crossword
WWE
Soccer
Country
Song
Puzzle
The Office
NFL
Pokémon
hide this ad
More By:
SporcleEXP
Quiz
Plays
Rating
Category
Featured
Created
Harry Potter Deaths in Order Minefield
3,068,218
4.18
Literature
Jan 27, 2016
Sins, Dwarfs, and Spice Girls
847,260
4.42
Just For Fun
Apr 11, 2012
Ancient History Bunker
708,093
4.28
History
Jan 20, 2014
Movie Posters VI
678,999
4.37
Movies
Nov 12, 2010
Movie Posters VII
621,825
4.44
Movies
Apr 16, 2011
Go to Creator's Profile
Score Distribution
Quiz Creator Spotlight
SporcleEXP
Follow
Send a Message
Quizzes Created
-
Created Quiz Play Count
-
More By This Creator
Popular Quizzes Today
1
Find the US States - No Outlines Minefield
2
Find the Countries of Europe - No Outlines Minefield
3
The Countries of the World
4
Find the US States
5
Popular People in 1961
6
US States
7
Risky Map Clicking: Biggest States A-Z
8
Movies - When Are They Set?
More Music Quizzes
Quick Pick: Third Eye Blind Songs
Quiz Lab
Trending Quizzes
Risky Map Clicking: Least Populous States A-Z
1-10 Letter G Words
1-10 Letter F Words
Risky Map Clicking: Next State Alphabetically
Risky Map Clicking: Biggest States A-Z
Recently Updated
Leaping Animals
pecheneg
Reality TV Shows (A-Z)
bhenderson79
Rickey Henderson's Hall of Fame Teammates
pecheneg
Champions League XIs: Arsenal
pecheneg
Quick Pick: Celebrities in WWE's Hall of Fame
aduchscher
A-Z Keypad Blitz II
pecheneg
Multiple Oscar Actors
pecheneg
Mystery Phrase Blitz: Oscar 'Best Actors'
pecheneg
F. Scott Fitzgerald Novels
LTH
Pick 3 Villains
ddd62291
Trending Topics
Anime
Crossword
Kpop
Harry Potter
Marvel
Disney
NBA
NFL
WWE
The Office
Pokémon
Country
Soccer
Puzzle
Song
Your Account Isn't Verified!
In order to create a playlist on Sporcle, you need to verify the email address you used during registration. Go to your
Sporcle Settings
to finish the process.
Report this User
Report this user for behavior that violates our
Community Guidelines
.
Details:
Send Report
Go to the Sporcle.com Mobile Site →
Comments